000 00236nam a2200097Ia 4500
008 240625s9999 xx 000 0 und d
041 _aeng
100 _aLINUX FOR YOU
245 _aLINUX FOR YOU NETWORK MONITORING AND MAN
260 _c2009
999 _c34382
_d34382